000 00746nam a2200265Ia 4500
001 Para_4544
003 CHAP
008 220125s[199 xx 000 0 und d
010 _a203025
040 _cCHAP
090 _aPA FOLLETO 1826
100 _aParman, D. C
_985643
245 _aConstruction of the box type trap for eye gnats and blowflies /
_c D. C. Parman
260 _aWashington :
_b Department of Agriculture
300 _a4 h.
440 _aEUA. Dept. of Agriculture E-299
_938777
650 _aTrampas para insectos
_9114609
901 _aPA FOLLETO 1826
902 _aA
905 _a000000[19--] WAS 0000000000 00
910 _a[19-
942 _cPARA
942 _cPARA
_d1
999 _c203025
_d203025